000 00264nam a2200109Ia 4500
008 151213s9999 xx 000 0 und d
245 _aEnterprise Reform in China
260 _aNew Yeork
_bWorld Bank
_c1999
300 _a2038 p.
650 _aReference
999 _c1495
_d1495